[Event "Paris ch Open A"]
[Site "Paris FRA"]
[Date "2005.07.13"]
[Round "5.6"]
[White "Frih, Ameur"]
[Black "Martsynovskaya, Marina"]
[Result "0-1"]
[WhiteElo "2142"]
[BlackElo "2252"]
[PlyCount "154"]
[EventDate "2005.07.09"]
[EventType "swiss"]
[EventRounds "9"]
[EventCountry "FRA"]
[Source "lmi"]
[SourceDate "2005.07.17"]

1. d4 d5 2. c4 dxc4 3. e4 c5 4. d5 Nf6 5. Nc3 e6 6. Bxc4 Be7 7. Bf4 exd5 8.
exd5 Bd6 9. Qe2+ Kf8 10. Bxd6+ Qxd6 11. Nf3 a6 12. a4 Bg4 13. Qe5 Qxe5+ 14.
Nxe5 Nbd7 15. Nxd7+ Bxd7 16. O-O Ke7 17. Ra3 b6 18. f3 Kd6 19. Re1 Rhe8 20.
Rxe8 Bxe8 21. Rb3 Kc7 22. Kf2 Bxa4 23. Nxa4 b5 24. Bxb5 axb5 25. Nxc5 Nxd5 26.
Ne4 Kc6 27. Rd3 b4 28. Rd2 f6 29. Rc2+ Kb6 30. Nd2 Ra2 31. Nb3 Nc3 32. Nd2 Kb5
33. Kg3 Na4 34. Rc7 Rxb2 35. Nc4 Rb1 36. Nd6+ Kb6 37. Rxg7 b3 38. Nc4+ Kc5 39.
Nd2 Rb2 40. Nxb3+ Rxb3 41. Rxh7 Kd6 42. h4 Nc5 43. Rg7 Ke6 44. Kh2 Nd7 45. Kh3
Ne5 46. Kh2 Kf5 47. Rg8 Kf4 48. Rf8 Rb6 49. Ra8 Ke3 50. Ra3+ Nd3 51. Ra8 f5 52.
Re8+ Kf2 53. Ra8 Rg6 54. Ra2+ Kf1 55. g3 Ne1 56. f4 Nf3+ 57. Kh3 Ng1+ 58. Kh2
Ne2 59. Ra1+ Kf2 60. Ra2 Rc6 61. Rb2 Rc3 62. Ra2 Kf3 63. h5 Nxg3 64. h6 Ne4 65.
h7 Rc8 66. Ra7 Rh8 67. Kh3 Nf6 68. Ra3+ Kxf4 69. Ra4+ Kg5 70. Kg3 Rxh7 71. Kg2
Rb7 72. Ra2 Kg4 73. Ra4+ f4 74. Ra2 f3+ 75. Kh1 Ne4 76. Kg1 f2+ 77. Kg2 Rb1 0-1

[Event "Paris ch Open A"]
[Site "Paris FRA"]
[Date "2005.07.13"]
[Round "5.7"]
[White "Lacrosse, Marc"]
[Black "Guyard, Rodolphe"]
[Result "1-0"]
[WhiteElo "2242"]
[BlackElo "2140"]
[PlyCount "61"]
[EventDate "2005.07.09"]
[EventType "swiss"]
[EventRounds "9"]
[EventCountry "FRA"]
[Source "lmi"]
[SourceDate "2005.07.17"]

1. d4 Nf6 2. c4 e5 3. dxe5 Ng4 4. Bf4 Nc6 5. Nf3 Bb4+ 6. Nbd2 Qe7 7. a3 Ngxe5
8. Nxe5 Nxe5 9. e3 Bxd2+ 10. Qxd2 d6 11. Qc3 b6 12. b4 a5 13. c5 axb4 14. axb4
Rxa1+ 15. Qxa1 O-O 16. cxd6 cxd6 17. Be2 Ng6 18. Bg3 Nh4 19. Qd4 Nxg2+ 20. Kd2
Qb7 21. Rg1 Bh3 22. e4 Ra8 23. Bc4 Qe7 24. Bd5 Qg5+ 25. f4 Nxf4 26. Bxa8 Ne6+
27. Qe3 Qb5 28. Bxd6 Qa4 29. Bd5 Qd7 30. Qxb6 h5 31. Qc6 1-0

[Event "Paris ch Open A"]
[Site "Paris FRA"]
[Date "2005.07.13"]
[Round "5.8"]
[White "Gouanelle, Franck"]
[Black "Xheladini, Mahmut"]
[Result "0-1"]
[WhiteElo "2129"]
[BlackElo "2242"]
[PlyCount "102"]
[EventDate "2005.07.09"]
[EventType "swiss"]
[EventRounds "9"]
[EventCountry "FRA"]
[Source "lmi"]
[SourceDate "2005.07.17"]

1. d4 b5 2. e4 Bb7 3. Bd3 e6 4. Nf3 c5 5. c3 a5 6. O-O c4 7. Bc2 a4 8. d5 Qc7
9. Bg5 e5 10. Nh4 g6 11. g3 Na6 12. Be3 h5 13. Na3 Qa5 14. Kg2 Nf6 15. Nf3 Bd6
16. h3 Rc8 17. Rc1 Nc5 18. Ng5 Ba6 19. Qf3 Qd8 20. Rcd1 Nd3 21. Bxd3 cxd3 22.
Nb1 b4 23. Bd2 b3 24. a3 O-O 25. Rh1 Ne8 26. Qe3 Bc5 27. Qe1 f5 28. f4 Qf6 29.
fxe5 Qxe5 30. Bf4 Qe7 31. e5 Bc4 32. d6 Qd8 33. h4 Qb6 34. Nd2 Qc6+ 35. Ndf3
Ng7 36. Kh3 Ne6 37. Nxe6 Qxf3 38. Nxc5 Rxc5 39. Qe3 Qxe3 40. Bxe3 Rxe5 41. Bg5
Re2 42. Rh2 Rc2 43. Re1 Bd5 44. Rd2 f4 45. Rh2 fxg3 46. Rd2 Rxd2 47. Bxd2 g2
48. Bg5 Be4 49. Rg1 Rf2 50. Kg3 Rxb2 51. Kf4 Re2 0-1

[Event "Paris ch Open A"]
[Site "Paris FRA"]
[Date "2005.07.13"]
[Round "5.9"]
[White "Garbarino, Xavier"]
[Black "Cochard, Sebastien"]
[Result "1/2-1/2"]
[WhiteElo "2191"]
[BlackElo "2137"]
[PlyCount "62"]
[EventDate "2005.07.09"]
[EventType "swiss"]
[EventRounds "9"]
[EventCountry "FRA"]
[Source "lmi"]
[SourceDate "2005.07.17"]

1. d4 Nf6 2. Nf3 d5 3. c4 e6 4. Nc3 Nbd7 5. Bg5 Be7 6. e3 O-O 7. Bd3 c6 8. cxd5
exd5 9. O-O Re8 10. Qc2 Nf8 11. Rab1 Bg4 12. Ne5 Bh5 13. b4 a6 14. a4 N6d7 15.
Bxe7 Qxe7 16. Nxd7 Qxd7 17. b5 axb5 18. axb5 Bg6 19. Bxg6 Nxg6 20. bxc6 bxc6
21. Ne2 Nh4 22. Nf4 Re4 23. Qb3 Rae8 24. Qb7 Qd6 25. Rfc1 Rxf4 26. exf4 Qg6 27.
g3 Nf3+ 28. Kg2 Qe4 29. Kh3 Qf5+ 30. Kg2 Qe4 31. Kh3 Qf5+ 1/2-1/2

[Event "Paris ch Open A"]
[Site "Paris FRA"]
[Date "2005.07.13"]
[Round "5.10"]
[White "Rabineau, Clement"]
[Black "Woehrel, Hermann"]
[Result "1-0"]
[WhiteElo "2179"]
[BlackElo "2106"]
[PlyCount "87"]
[EventDate "2005.07.09"]
[EventType "swiss"]
[EventRounds "9"]
[EventCountry "FRA"]
[Source "lmi"]
[SourceDate "2005.07.17"]

1. e4 c5 2. Nf3 Nc6 3. Nc3 g6 4. d4 cxd4 5. Nxd4 Bg7 6. Be3 Nf6 7. Nxc6 bxc6 8.
e5 Nd5 9. Nxd5 cxd5 10. Qxd5 Rb8 11. Bxa7 e6 12. Qd2 Rxb2 13. Bd4 Rb8 14. f4
Bb7 15. a4 O-O 16. Bb5 d6 17. Rd1 dxe5 18. Bxe5 Bxe5 19. Qxd8 Rfxd8 20. fxe5
Bxg2 21. Rg1 Bb7 22. Rd6 Kf8 23. Rg3 Rdc8 24. c4 Rc5 25. Re3 Rbc8 26. Kd2 Bc6
27. Rxc6 R8xc6 28. Bxc6 Rxc6 29. Kc3 Ke7 30. Kb4 f6 31. exf6+ Kxf6 32. a5 Ke7
33. c5 Kd7 34. Kb5 Rc8 35. Rd3+ Kc7 36. c6 Rb8+ 37. Kc5 h5 38. a6 Rb2 39. Rd7+
Kb8 40. Rd8+ Kc7 41. a7 Rc2+ 42. Kb4 Ra2 43. a8=Q Rxa8 44. Rxa8 1-0

[Event "Paris ch Open A"]
[Site "Paris FRA"]
[Date "2005.07.14"]
[Round "6.1"]
[White "Helstroffer, Arnaud"]
[Black "Aurel, Luc"]
[Result "1/2-1/2"]
[WhiteElo "2264"]
[BlackElo "2167"]
[PlyCount "81"]
[EventDate "2005.07.09"]
[EventType "swiss"]
[EventRounds "9"]
[EventCountry "FRA"]
[Source "lmi"]
[SourceDate "2005.07.17"]

1. e4 g6 2. d4 d6 3. Nc3 a6 4. f4 Bg7 5. Nf3 b5 6. Be3 b4 7. Ne2 Bb7 8. Ng3 Nd7
9. a3 bxa3 10. Rxa3 e6 11. Bd3 Ne7 12. O-O O-O 13. Qe2 Nf6 14. e5 Nfd5 15. Bd2
Bh6 16. f5 Bxd2 17. Qxd2 Nxf5 18. Nxf5 exf5 19. Qh6 f6 20. Bxf5 Qe7 21. Nh4 Qg7
22. Be6+ Kh8 23. Qxg7+ Kxg7 24. exd6 cxd6 25. Rb3 Bc6 26. c4 Nc7 27. Rb6 Nxe6
28. Rxc6 Nxd4 29. Rc7+ Rf7 30. Rxf7+ Kxf7 31. Rd1 Nc6 32. Rxd6 Ne5 33. c5 Rb8
34. Nf3 Nxf3+ 35. gxf3 Rxb2 36. Rxa6 Rc2 37. Ra7+ Ke6 38. Rxh7 Rxc5 39. Rb7 Rc2
40. Rb4 Kf5 41. Rd4 1/2-1/2

[Event "Paris ch Open A"]
[Site "Paris FRA"]
[Date "2005.07.14"]
[Round "6.3"]
[White "Xheladini, Mahmut"]
[Black "Gervasio, Ricardo"]
[Result "0-1"]
[WhiteElo "2242"]
[BlackElo "2255"]
[PlyCount "56"]
[EventDate "2005.07.09"]
[EventType "swiss"]
[EventRounds "9"]
[EventCountry "FRA"]
[Source "lmi"]
[SourceDate "2005.07.17"]

1. e4 e6 2. d4 d5 3. exd5 exd5 4. Bd3 c5 5. dxc5 Bxc5 6. Nf3 Nf6 7. O-O O-O 8.
h3 Nc6 9. c3 Qd6 10. Nbd2 Bxh3 11. Kh1 Bg4 12. b4 Bb6 13. Nc4 Bxf3 14. gxf3 Qe6
15. Nxb6 Qh3+ 16. Kg1 axb6 17. Re1 Rfe8 18. Rxe8+ Rxe8 19. Bf1 Qh4 20. Be3 Ne5
21. Bxb6 Nh5 22. Bg2 Nf4 23. Be3 Ned3 24. Qa4 Kf8 25. Re1 d4 26. cxd4 Nxe1 27.
d5 Rxe3 28. fxe3 Nxf3+ 0-1

[Event "Paris ch Open A"]
[Site "Paris FRA"]
[Date "2005.07.14"]
[Round "6.4"]
[White "Martsynovskaya, Marina"]
[Black "Rabineau, Clement"]
[Result "0-1"]
[WhiteElo "2252"]
[BlackElo "2179"]
[PlyCount "72"]
[EventDate "2005.07.09"]
[EventType "swiss"]
[EventRounds "9"]
[EventCountry "FRA"]
[Source "lmi"]
[SourceDate "2005.07.17"]

1. e4 c5 2. Nf3 Nc6 3. d4 cxd4 4. Nxd4 g6 5. Nc3 Bg7 6. Be3 d6 7. Qd2 Nf6 8. f3
O-O 9. O-O-O d5 10. Kb1 e6 11. Nxc6 bxc6 12. Bh6 Bxh6 13. Qxh6 Nd7 14. h4 Qf6
15. h5 g5 16. Qxf6 Nxf6 17. exd5 cxd5 18. a4 Bd7 19. Bb5 Rfc8 20. Bxd7 Nxd7 21.
Nxd5 exd5 22. Rxd5 Nc5 23. Rxg5+ Kf8 24. a5 Ne6 25. Rg4 Rc5 26. Ra4 Rd8 27. g4
Rd2 28. Rc1 Nd4 29. c4 Nb3 30. Rc2 Rxa5 31. Rxa5 Rd1+ 32. Ka2 Nxa5 33. b4 Nc6
34. Ka3 Ra1+ 35. Kb2 Nxb4 36. Rd2 Ra2+ 0-1

[Event "Paris ch Open A"]
[Site "Paris FRA"]
[Date "2005.07.14"]
[Round "6.5"]
[White "Meenakshi, S."]
[Black "Saatdjian, Thomas"]
[Result "1/2-1/2"]
[WhiteElo "2273"]
[BlackElo "2074"]
[PlyCount "129"]
[EventDate "2005.07.09"]
[EventType "swiss"]
[EventRounds "9"]
[EventCountry "FRA"]
[Source "lmi"]
[SourceDate "2005.07.17"]

1. d4 Nf6 2. c4 c5 3. d5 b5 4. cxb5 a6 5. bxa6 g6 6. Nc3 Bxa6 7. Nf3 Bg7 8. e4
Bxf1 9. Kxf1 d6 10. h3 Nbd7 11. Kg1 O-O 12. Kh2 Qa5 13. Re1 Rfb8 14. Re2 Nb6
15. e5 Ne8 16. Qd3 Qa6 17. Qxa6 Rxa6 18. Bg5 Ra7 19. exd6 exd6 20. Rae1 Nc7 21.
Bf4 Nc4 22. Ne4 Nxd5 23. Nxd6 Nxf4 24. Re8+ Rxe8 25. Rxe8+ Bf8 26. Nxc4 Rxa2
27. Ng5 h6 28. Ne4 Kg7 29. Rb8 Ra7 30. g3 Ne6 31. Nc3 Be7 32. Kg2 Bf6 33. Nb5
Rd7 34. Nbd6 Bd4 35. Ne8+ Kh7 36. f4 h5 37. Kf3 Bg7 38. Nxg7 Kxg7 39. Ne5 Rc7
40. Ke3 Nd4 41. Ke4 f6 42. Nc4 Rd7 43. Nb6 Rc7 44. Nd5 Rd7 45. Rb6 Nf5 46. Rb3
Nd6+ 47. Kf3 Nc4 48. Rd3 Nxb2 49. Rd2 Na4 50. Ra2 Rxd5 51. Rxa4 Rd7 52. Rc4
Rd3+ 53. Kg2 Rd5 54. Kf3 Kf7 55. g4 hxg4+ 56. hxg4 Ke6 57. Rc1 Kd6 58. Ra1 c4
59. Ra6+ Kc5 60. Rxf6 c3 61. Rf8 Kc4 62. Rc8+ Kb3 63. Ke4 Rd1 64. Rb8+ Kc2 65.
f5 1/2-1/2

[Event "Paris ch Open A"]
[Site "Paris FRA"]
[Date "2005.07.14"]
[Round "6.6"]
[White "Cochard, Sebastien"]
[Black "Toulzac, Pierre-Yves"]
[Result "1/2-1/2"]
[WhiteElo "2137"]
[BlackElo "2274"]
[PlyCount "88"]
[EventDate "2005.07.09"]
[EventType "swiss"]
[EventRounds "9"]
[EventCountry "FRA"]
[Source "lmi"]
[SourceDate "2005.07.17"]

1. e4 c5 2. d4 cxd4 3. c3 d3 4. Bxd3 d6 5. c4 Nf6 6. Nc3 e6 7. Nf3 Nbd7 8. O-O
Be7 9. Bf4 a6 10. Qe2 O-O 11. Rfd1 Nh5 12. Be3 g6 13. e5 Qc7 14. exd6 Bxd6 15.
Ng5 Bxh2+ 16. Kh1 Bf4 17. Nxh7 Kxh7 18. Qxh5+ Kg7 19. Bxf4 Qxf4 20. Qf3 Rh8+
21. Kg1 Qh2+ 22. Kf1 Ne5 23. Qe3 Ng4 24. Qg3 Qxg3 25. fxg3 Ne3+ 26. Kf2 Nxd1+
27. Rxd1 Rd8 28. Ke3 Bd7 29. Be4 Bc6 30. Bxc6 bxc6 31. Rxd8 Rxd8 32. Ne4 Rd1
33. Nc5 Rg1 34. b4 Rxg2 35. Nxa6 Rxa2 36. Nb8 Ra3+ 37. Kd4 Rxg3 38. Nxc6 Kf8
39. b5 Rb3 40. Kc5 g5 41. b6 Kg7 42. Nb4 Rh3 43. b7 Rh8 44. Na6 g4 1/2-1/2

[Event "Paris ch Open A"]
[Site "Paris FRA"]
[Date "2005.07.14"]
[Round "6.7"]
[White "Carrillo, Jesus"]
[Black "Popov, Gueorgui"]
[Result "1-0"]
[WhiteElo "2135"]
[BlackElo "2263"]
[PlyCount "47"]
[EventDate "2005.07.09"]
[EventType "swiss"]
[EventRounds "9"]
[EventCountry "FRA"]
[Source "lmi"]
[SourceDate "2005.07.17"]

1. e4 d5 2. exd5 Qxd5 3. Nc3 Qa5 4. d4 c6 5. Nf3 Bf5 6. Bc4 e6 7. Ne5 Bb4 8.
Bd2 Ne7 9. a3 Bxc3 10. Bxc3 Qc7 11. Qe2 Nd7 12. O-O-O b5 13. Bb3 Nxe5 14. dxe5
a6 15. g4 Bg6 16. f4 O-O 17. h4 h6 18. f5 exf5 19. h5 Bh7 20. g5 hxg5 21. h6
Nd5 22. hxg7 Kxg7 23. Rxh7+ Kxh7 24. Qh5+ 1-0

[Event "Paris ch Open A"]
[Site "Paris FRA"]
[Date "2005.07.14"]
[Round "6.8"]
[White "Peltrault, Frederic"]
[Black "Hauroo, Harris"]
[Result "1/2-1/2"]
[WhiteElo "2202"]
[BlackElo "2140"]
[PlyCount "54"]
[EventDate "2005.07.09"]
[EventType "swiss"]
[EventRounds "9"]
[EventCountry "FRA"]
[Source "lmi"]
[SourceDate "2005.07.17"]

1. e4 c5 2. Nf3 d6 3. d4 cxd4 4. Nxd4 Nf6 5. Nc3 g6 6. Be3 Bg7 7. f3 Nc6 8. Qd2
O-O 9. O-O-O Nxd4 10. Bxd4 Be6 11. Kb1 Qc7 12. g4 Rfc8 13. g5 Nh5 14. Bxg7 Kxg7
15. f4 Qa5 16. f5 gxf5 17. Be2 Rxc3 18. Qxc3+ Qxc3 19. bxc3 Nf4 20. Bf3 fxe4
21. Bxe4 Rc8 22. Rhe1 Rc5 23. h4 Rb5+ 24. Ka1 b6 25. Rd4 Re5 26. Rdd1 Ra5 27.
Rd4 Re5 1/2-1/2

[Event "Paris ch Open A"]
[Site "Paris FRA"]
[Date "2005.07.14"]
[Round "6.9"]
[White "Maisuradze, Nino"]
[Black "Le Bas, Alexis"]
[Result "1-0"]
[WhiteElo "2196"]
[BlackElo "2108"]
[PlyCount "99"]
[EventDate "2005.07.09"]
[EventType "swiss"]
[EventRounds "9"]
[EventCountry "FRA"]
[Source "lmi"]
[SourceDate "2005.07.17"]

1. d4 d5 2. c4 c6 3. Nc3 Nf6 4. Bg5 e6 5. e3 Nbd7 6. cxd5 exd5 7. Bd3 Be7 8.
Qc2 g6 9. Nge2 Nh5 10. Bxe7 Qxe7 11. O-O f5 12. Rab1 O-O 13. b4 a6 14. a4 b5
15. Rfe1 Nb6 16. a5 Nc4 17. Qc1 Be6 18. Ng3 Nxg3 19. hxg3 Rae8 20. Qd1 Kg7 21.
Na2 h5 22. Bxc4 bxc4 23. f4 h4 24. Qf3 Rh8 25. Kf2 Rh7 26. gxh4 Rxh4 27. Rh1
Reh8 28. Rxh4 Rxh4 29. Rg1 g5 30. g3 Rh3 31. Qg2 g4 32. Rh1 Rxh1 33. Qxh1 Bf7
34. Ke2 c5 35. bxc5 Qb7 36. Qe1 Qb5 37. Qb4 Qe8 38. Nc3 Qh8 39. Kd2 Qh1 40. c6
Qg2+ 41. Ne2 Qe4 42. c7 Be6 43. Qb7 Kf6 44. c8=Q Bxc8 45. Qxc8 Qd3+ 46. Ke1
Qb1+ 47. Kf2 Qb5 48. Qc5 Qxc5 49. dxc5 Ke6 50. Nd4+ 1-0

[Event "Paris ch Open A"]
[Site "Paris FRA"]
[Date "2005.07.14"]
[Round "6.10"]
[White "Ferry, Roger"]
[Black "Garbarino, Xavier"]
[Result "1/2-1/2"]
[WhiteElo "2103"]
[BlackElo "2191"]
[PlyCount "132"]
[EventDate "2005.07.09"]
[EventType "swiss"]
[EventRounds "9"]
[EventCountry "FRA"]
[Source "lmi"]
[SourceDate "2005.07.17"]

1. d4 Nc6 2. Nf3 d5 3. Bf4 Bg4 4. Nbd2 e6 5. e3 Bd6 6. Bg3 Nf6 7. c3 O-O 8. Qc2
Bf5 9. Bd3 Bxd3 10. Qxd3 Bxg3 11. hxg3 Qd6 12. e4 dxe4 13. Nxe4 Nxe4 14. Qxe4
f5 15. Qh4 h6 16. O-O-O b5 17. Rhe1 Rab8 18. Ne5 Nxe5 19. dxe5 Qc6 20. f3 f4
21. Rd4 b4 22. c4 b3 23. a3 Qc5 24. Ree4 fxg3 25. Qxg3 Rbd8 26. Qg4 Rxd4 27.
Rxd4 Rf5 28. Rd8+ Kh7 29. Qd4 Qxd4 30. Rxd4 Rxe5 31. Kd2 a5 32. Rd7 h5 33. Rxc7
h4 34. Re7 Rg5 35. Rxe6 Rxg2+ 36. Kc3 a4 37. Re1 h3 38. Rh1 h2 39. Kb4 Rxb2 40.
Kxa4 Kg6 41. c5 Kf5 42. c6 Ke6 43. Rd1 Rc2 44. Kxb3 Rxc6 45. Rh1 Rb6+ 46. Ka2
Kf5 47. Rxh2 Kf4 48. Rh3 g5 49. a4 Rd6 50. Kb3 Rb6+ 51. Kc4 Rc6+ 52. Kb5 Rc1
53. a5 Rb1+ 54. Kc6 Rc1+ 55. Kb6 Rb1+ 56. Ka7 Rb2 57. a6 Rb1 58. Ka8 Rb2 59. a7
Rb1 60. Rh7 Kxf3 61. Rf7+ Ke3 62. Rb7 Ra1 63. Rb2 Kf3 64. Kb8 g4 65. a8=Q+
Rxa8+ 66. Kxa8 g3 1/2-1/2

[Event "Paris ch Open A"]
[Site "Paris FRA"]
[Date "2005.07.15"]
[Round "7.1"]
[White "Rabineau, Clement"]
[Black "Helstroffer, Arnaud"]
[Result "0-1"]
[WhiteElo "2179"]
[BlackElo "2264"]
[PlyCount "64"]
[EventDate "2005.07.09"]
[EventType "swiss"]
[EventRounds "9"]
[EventCountry "FRA"]
[Source "lmi"]
[SourceDate "2005.07.17"]

1. e4 e6 2. d4 d5 3. Nc3 Nf6 4. Bg5 Bb4 5. e5 h6 6. Bd2 Bxc3 7. bxc3 Ne4 8. Qg4
g6 9. Bd3 Nxd2 10. Kxd2 c5 11. h4 Nc6 12. Rh3 cxd4 13. cxd4 Qb6 14. Ne2 Bd7 15.
Rc1 O-O-O 16. c3 Na5 17. Rf3 f5 18. Qxg6 Rhg8 19. Qxh6 Rxg2 20. Qf4 Rg4 21. Qh2
Rh8 22. h5 Qd8 23. Rh3 Nc4+ 24. Bxc4 dxc4 25. Rg1 Bc6 26. h6 Qa5 27. Rxg4 Qxa2+
28. Ke3 fxg4 29. Rg3 Qc2 30. h7 Qd3+ 31. Kf4 Qe4+ 32. Kg5 Qf5+ 0-1

[Event "Paris ch Open A"]
[Site "Paris FRA"]
[Date "2005.07.15"]
[Round "7.2"]
[White "Aurel, Luc"]
[Black "Gervasio, Ricardo"]
[Result "0-1"]
[WhiteElo "2167"]
[BlackElo "2255"]
[PlyCount "56"]
[EventDate "2005.07.09"]
[EventType "swiss"]
[EventRounds "9"]
[EventCountry "FRA"]
[Source "lmi"]
[SourceDate "2005.07.17"]

1. c4 e6 2. g3 d5 3. Bg2 Nf6 4. Nf3 Nbd7 5. b3 a5 6. O-O Be7 7. d3 O-O 8. Nbd2
a4 9. Rb1 axb3 10. axb3 c5 11. e3 b5 12. Bb2 Qb6 13. Re1 Bb7 14. Qc2 Nb8 15. e4
Nc6 16. Ra1 Nb4 17. Qb1 Rxa1 18. Bxa1 d4 19. cxb5 Qxb5 20. Nc4 Ra8 21. Bb2 Nd7
22. Nfd2 Nb8 23. f4 N8c6 24. Ba3 Nxd3 25. Rf1 Ndb4 26. e5 Nd5 27. Bc1 Nc3 28.
Qd3 Nb4 0-1

[Event "Paris ch Open A"]
[Site "Paris FRA"]
[Date "2005.07.15"]
[Round "7.4"]
[White "Lacrosse, Marc"]
[Black "Serafimov, Dimitar"]
[Result "1-0"]
[WhiteElo "2242"]
[BlackElo "2174"]
[PlyCount "93"]
[EventDate "2005.07.09"]
[EventType "swiss"]
[EventRounds "9"]
[EventCountry "FRA"]
[Source "lmi"]
[SourceDate "2005.07.17"]

1. d4 g6 2. c4 Bg7 3. e4 d6 4. Nc3 e5 5. dxe5 dxe5 6. Qxd8+ Kxd8 7. f4 Nd7 8.
Nf3 c6 9. Be2 f6 10. Rf1 h6 11. Be3 Ne7 12. O-O-O Kc7 13. Rd2 b6 14. Rfd1 Rd8
15. Rd6 Bb7 16. Kc2 a6 17. Na4 c5 18. Nc3 f5 19. Re6 Re8 20. Nxe5 Nxe5 21. fxe5
fxe4 22. g4 g5 23. Rf1 Bc8 24. Rxe7+ Rxe7 25. Nd5+ Kd8 26. Nxb6 Rb8 27. Bxc5
Reb7 28. Rd1+ Ke8 29. Rd6 Bf8 30. Nxc8 Rxc8 31. Ba3 Bxd6 32. Bxd6 Rf7 33. c5
Rf2 34. Kd1 Rc6 35. b4 Rxh2 36. a4 Rh1+ 37. Kd2 Ra1 38. b5 Ra2+ 39. Ke3 Rxd6
40. exd6 Kd7 41. bxa6 Ra3+ 42. Kxe4 Rxa4+ 43. Kd5 Ra5 44. Bd3 Kd8 45. Kc6 Ra3
46. Bb5 Kc8 47. Kb6 1-0

[Event "Paris ch Open A"]
[Site "Paris FRA"]
[Date "2005.07.15"]
[Round "7.5"]
[White "Carrillo, Jesus"]
[Black "Maisuradze, Nino"]
[Result "1-0"]
[WhiteElo "2135"]
[BlackElo "2196"]
[PlyCount "71"]
[EventDate "2005.07.09"]
[EventType "swiss"]
[EventRounds "9"]
[EventCountry "FRA"]
[Source "lmi"]
[SourceDate "2005.07.17"]

1. e4 c5 2. Nf3 d6 3. d4 cxd4 4. Nxd4 Nf6 5. Nc3 g6 6. Be3 Bg7 7. f3 Nc6 8. Bc4
Nd7 9. Bb3 Nb6 10. Qd2 Na5 11. O-O-O Nbc4 12. Qe2 Nxe3 13. Qxe3 Nxb3+ 14. axb3
Bd7 15. h4 h5 16. Kb1 a5 17. f4 a4 18. bxa4 Bxa4 19. e5 Qa5 20. exd6 O-O 21.
dxe7 Rfc8 22. f5 b5 23. fxg6 fxg6 24. Nc6 Qc7 25. Qe6+ Kh7 26. Rd6 Re8 27.
Qxg6+ Kg8 28. Nd5 Qxd6 29. Qxd6 b4 30. Qg6 Kh8 31. Nf6 Bxf6 32. Qxf6+ Kh7 33.
Qf7+ Kh6 34. Rf1 Bxc2+ 35. Kxc2 b3+ 36. Kc3 1-0

[Event "Paris ch Open A"]
[Site "Paris FRA"]
[Date "2005.07.15"]
[Round "7.6"]
[White "Saatdjian, Thomas"]
[Black "Eche, Sylvain"]
[Result "1/2-1/2"]
[WhiteElo "2074"]
[BlackElo "2187"]
[PlyCount "73"]
[EventDate "2005.07.09"]
[EventType "swiss"]
[EventRounds "9"]
[EventCountry "FRA"]
[Source "lmi"]
[SourceDate "2005.07.17"]

1. Nf3 g6 2. c4 c5 3. d4 cxd4 4. Nxd4 Bg7 5. e4 Nc6 6. Nc2 Nf6 7. Nc3 d6 8. Be2
Nd7 9. Bd2 a5 10. O-O O-O 11. Re1 Nc5 12. Bf1 f5 13. exf5 Bxf5 14. Ne3 Bd7 15.
Ned5 e6 16. Ne3 Ne5 17. Bc1 Bc6 18. Ng4 Qh4 19. Rxe5 dxe5 20. Qd6 Qxg4 21. Qxc5
h5 22. Be3 h4 23. h3 Qf5 24. Be2 Rfd8 25. Bg4 Qf6 26. Nb5 Bf8 27. Qb6 Bd6 28.
Nxd6 Rxd6 29. Qc5 Rd7 30. Re1 a4 31. Qa3 Rf8 32. Qc3 Rd4 33. f3 Re8 34. Qc1 Rf4
35. Qc3 Rd4 36. Qc1 Rf4 37. Qc3 1/2-1/2

[Event "Paris ch Open A"]
[Site "Paris FRA"]
[Date "2005.07.15"]
[Round "7.7"]
[White "Baumhauer, Christian"]
[Black "Voiteanu, Gabriel"]
[Result "0-1"]
[WhiteElo "1975"]
[BlackElo "2187"]
[PlyCount "36"]
[EventDate "2005.07.09"]
[EventType "swiss"]
[EventRounds "9"]
[EventCountry "FRA"]
[Source "lmi"]
[SourceDate "2005.07.17"]

1. e4 e5 2. Nf3 Nf6 3. Nxe5 d6 4. Nf3 Nxe4 5. d4 d5 6. Bd3 Be7 7. O-O Nc6 8.
Re1 Bg4 9. c3 f5 10. Qb3 O-O 11. Nbd2 Kh8 12. h3 Bh5 13. Qxb7 Rf6 14. Qb3 Rg6
15. Qc2 Bh4 16. Rf1 Nxd2 17. Nxh4 Qxh4 18. Qxd2 Bf3 0-1

[Event "Paris ch Open A"]
[Site "Paris FRA"]
[Date "2005.07.15"]
[Round "7.8"]
[White "Toulzac, Pierre-Yves"]
[Black "Guyard, Rodolphe"]
[Result "1/2-1/2"]
[WhiteElo "2274"]
[BlackElo "2140"]
[PlyCount "64"]
[EventDate "2005.07.09"]
[EventType "swiss"]
[EventRounds "9"]
[EventCountry "FRA"]
[Source "lmi"]
[SourceDate "2005.07.17"]

1. f4 d5 2. Nf3 Nf6 3. g3 c5 4. Bg2 Nc6 5. d3 g6 6. c3 Bg7 7. a4 Qc7 8. Na3 a6
9. O-O O-O 10. Kh1 b6 11. Bd2 Bb7 12. b4 Rad8 13. b5 axb5 14. Nxb5 Qb8 15. Qc2
d4 16. c4 e5 17. fxe5 Ng4 18. a5 bxa5 19. Nd6 Ba8 20. Qb1 Qa7 21. Bxa5 Nxa5 22.
Qb5 Bxe5 23. Rxa5 Qe7 24. Rxa8 Rxa8 25. Nxe5 Qxe5 26. Bxa8 Qxe2 27. Bg2 Ne3 28.
Rg1 Nxg2 29. Rxg2 Qf1+ 30. Rg1 Qf3+ 31. Rg2 Qf1+ 32. Rg1 Qf3+ 1/2-1/2

[Event "Paris ch Open A"]
[Site "Paris FRA"]
[Date "2005.07.16"]
[Round "8.1"]
[White "Gervasio, Ricardo"]
[Black "Helstroffer, Arnaud"]
[Result "1/2-1/2"]
[WhiteElo "2255"]
[BlackElo "2264"]
[PlyCount "23"]
[EventDate "2005.07.09"]
[EventType "swiss"]
[EventRounds "9"]
[EventCountry "FRA"]
[Source "lmi"]
[SourceDate "2005.07.17"]

1. b4 e5 2. Bb2 Bxb4 3. Bxe5 Nf6 4. Nf3 d5 5. e3 Bg4 6. c3 Bd6 7. Qa4+ Bd7 8.
Qb3 Bxe5 9. Nxe5 b6 10. c4 Be6 11. Qb5+ Bd7 12. Qb3 1/2-1/2

[Event "Paris ch Open A"]
[Site "Paris FRA"]
[Date "2005.07.16"]
[Round "8.2"]
[White "Cruz Alvarez De Ron, Dan"]
[Black "Lacrosse, Marc"]
[Result "1/2-1/2"]
[WhiteElo "2186"]
[BlackElo "2242"]
[PlyCount "132"]
[EventDate "2005.07.09"]
[EventType "swiss"]
[EventRounds "9"]
[EventCountry "FRA"]
[Source "lmi"]
[SourceDate "2005.07.17"]

1. e4 e5 2. Nf3 Nc6 3. Bb5 a6 4. Ba4 Nf6 5. d3 b5 6. Bb3 Bc5 7. a4 Rb8 8. axb5
axb5 9. O-O d6 10. h3 h6 11. Be3 Bxe3 12. fxe3 O-O 13. Nc3 Be6 14. Bxe6 fxe6
15. Qe1 d5 16. Ra6 Qe8 17. exd5 exd5 18. Qg3 e4 19. Nd4 Nxd4 20. Raxf6 Rxf6 21.
Rxf6 b4 22. exd4 bxc3 23. bxc3 e3 24. Rf1 e2 25. Re1 Rb2 26. Qf3 Rxc2 27. Qxd5+
Kh8 28. Qe4 Qxe4 29. dxe4 Rxc3 30. Rxe2 Rd3 31. d5 c6 32. dxc6 Rc3 33. Kf2 Kg8
34. Ra2 Rxc6 35. Ra7 Rf6+ 36. Ke3 Kh7 37. Rd7 Kg6 38. h4 Rf1 39. h5+ Kf6 40.
Rd6+ Ke5 41. Rd5+ Ke6 42. Ra5 Re1+ 43. Kf3 Rf1+ 44. Kg3 Re1 45. Ra6+ Ke5 46.
Rg6 Rxe4 47. Rxg7 Kf5 48. Rg6 Re6 49. Rg8 Rf6 50. Kf3 Ke6+ 51. Ke4 Kf7 52. Ra8
Rb6 53. g4 Rb4+ 54. Kf5 Rb5+ 55. Kf4 Rb4+ 56. Kg3 Rb3+ 57. Kh4 Rb7 58. Ra6 Kg7
59. Kg3 Rf7 60. Ra5 Rb7 61. Kf4 Rb4+ 62. Kf5 Rb7 63. Ke6 Rb6+ 64. Kf5 Rb7 65.
g5 hxg5 66. Kxg5 Kh7 1/2-1/2